000 01211nam a2200289 c 4500
003 BLK
005 20180420231319.0
008 180409b bul|||||r ||||||| ||bul||
010 _aKNG00124087000
040 _aBLK
041 _aBUL
_cBUL
080 _aГрузинска литература
_b821.353.1
_x-31
_z821.353.1-31
100 1 _aАмиреджиби, Чабуа Ираклиевич
_eпърви автор
_931074
700 1 _aХаджиева, Мария
_eпрев. от рус.
_9246852
139 _aАмиреджиби, Чабуа Ираклиевич
_bА 62
245 1 0 _aДата Туташхиа
_bРоман
_cЧабуа Ираклиевич Амиреджиби; прев. от рус. Мария Хаджиева.
257 _aGEO
260 София
_bНар. култура
_c1980
_fВарна : Ст. Добрев-Странджата
300 _a744 с.
_c21 см
380 _aX
500 _aЗагл. на рус. Дата Туташхиа.
852 _aЦб 105214
856 4 _qpdf
_u
856 4 _qpdf
_u
942 _cKNG
_n0
944 _aCR
_c01.07.2011
_l01.07.2011 - от С1,Р / 01.07.2011
_kВиолета_Тройчева
944 _aED
_c01.07.2011
_l01.07.2011 - от С1,Р / 01.07.2011
_k
999 _c118485
_d118485